បណ្តាំក្រមង៉ុយ / (Record no. 3564)

MARC details
000 -LEADER
fixed length control field 00871nam a22002537a 4500
001 - CONTROL NUMBER
control field 3564
003 - CONTROL NUMBER IDENTIFIER
control field FISKH
005 - DATE AND TIME OF LATEST TRANSACTION
control field 20240322134444.0
008 - FIXED-LENGTH DATA ELEMENTS--GENERAL INFORMATION
fixed length control field 240320b cb ||||| |||| 00| 0 eng d
020 ## - INTERNATIONAL STANDARD BOOK NUMBER
International Standard Book Number 9789995064273
040 ## - CATALOGING SOURCE
Original cataloging agency FISKH
Language of cataloging khr
Transcribing agency FISKH
Modifying agency FISKH
050 ## - LIBRARY OF CONGRESS CALL NUMBER
Classification number PZ7
082 ## - DEWEY DECIMAL CLASSIFICATION NUMBER
Classification number 808.1
100 ## - MAIN ENTRY--PERSONAL NAME
Personal name Aou
245 ## - TITLE STATEMENT
Title បណ្តាំក្រមង៉ុយ /
Statement of responsibility, etc. និពន្ធដោយ អ្នកព្រះភិរម្យភាសា អ៊ូ ហៅ ង៉ុយ.
260 ## - PUBLICATION, DISTRIBUTION, ETC.
Place of publication, distribution, etc. ភ្នំពេញ :
Name of publisher, distributor, etc. រោងពុម្ព ពន្លឺខ្មែរ,
Date of publication, distribution, etc. 2016.
300 ## - PHYSICAL DESCRIPTION
Extent 142 pages :
Dimensions 21cm
520 ## - SUMMARY, ETC.
Summary, etc. កំនាព្យបង្កប់នូវគតិអប់រំ
520 ## - SUMMARY, ETC.
Summary, etc. Poems embody educational ideas.<br/>
650 ## - SUBJECT ADDED ENTRY--TOPICAL TERM
Topical term or geographic name entry element កំណាព្យ
650 ## - SUBJECT ADDED ENTRY--TOPICAL TERM
Topical term or geographic name entry element Poems
942 ## - ADDED ENTRY ELEMENTS (KOHA)
Source of classification or shelving scheme Dewey Decimal Classification
Koha item type Khmer Books
Suppress in OPAC No
Holdings
Withdrawn status Lost status Source of classification or shelving scheme Damaged status Not for loan Collection Home library Current library Shelving location Date acquired Total Checkouts Full call number Barcode Date last seen Date last checked out Copy number Price effective from Koha item type Date due
    Dewey Decimal Classification     Khmer Non-Fiction / សៀវភៅខ្មែរ រឿងពិត Footprints International School Library Network Toul Kork Campus Footprints International School Library Network Toul Kork Campus TK Old Khmer Books (Rear Hallway Shelf 3) 03/20/2024 1 AOU 808.1 PZ7 2024-0369 04/01/2026 03/02/2026 1 03/20/2024 Khmer Books  
    Dewey Decimal Classification     Khmer Non-Fiction / សៀវភៅខ្មែរ រឿងពិត Footprints International School Library Network Toul Kork Campus Footprints International School Library Network Toul Kork Campus TK Old Khmer Books (Rear Hallway Shelf 3) 03/26/2024 1 AOU 808.1 PZ7 2024-0412 02/04/2026 02/04/2026 2 03/26/2024 Khmer Books 02/18/2026